01368naa a22003257a 4500001001000000003000900010005001700019007000300036008003400039040005400073041000900127072002600136090001800162100001700180100001800197100002100215111009500236245014500331260004200476500012600518650000900644650001200653650002400665650001200689773012300701909003600824942001400860999001900874952014900893BR8700608BR-BrBNA20240918175751.0ta230509b bl.||||| |||| 00| 0 por d aBR-BrBNAbporcBiblioteca Nacional de Agricultura a(Pt) aF04b2120b3840bGZ74 aF04 BR87006081 aBarros, U.V.1 aSantinato, R.1 aFigueiredo, J.P.1 a10. Congresso Brasileiro de Pesquisas CafeeirascPocos de Caldas, MG (Brazil)d29 Aug 19831 aTipos e doses de calcario calcinado comparados com calcario dolomitico comum na recuperacao e producao do cafeeiro em solos de campo cerrado3 aRio de Janeiro, RJ (Brasil): c1983.  aAnais do 10. Congresso Brasileiro de Pesquisas Cafeeiras Rio de Janeiro, RJ (Brasil): 1983. p. 117-119 (BR8700608-AM)F04  aCAFE aCALAGEM aCALCARIO DOLOMITICO aCERRADO0 tAnais do 10. Congresso Brasileiro de Pesquisas CafeeiraswF04 BR8700608gRio de Janeiro, RJ (Brasil), 1983. p. 117-119 a202404bLuciac55dLucia Elande cAM2AGRIS c318050d318050 002AGRIS40708Acervo Gerala41918b41918cAgrobasel0o4500 BR9212514r2024-05-20t01yAM10d2024-04-11ePortaria Interministerial nÂș 164/94